000 00696cam a22002291a 4500
001 sa 65010245
003 DLC
005 20260227112207.0
008 820524s1964 ii bo 000 0 eng
010 _asa 65010245
035 _a(OCoLC)8457836
040 _aDLC
_cMoSpBB
_dPU
_dDLC
042 _apremarc
043 _aa-ii---
050 0 0 _aDS485.B493
_bA55
245 0 0 _aWest Bengal and Orissa.
260 _aNew Delhi, India :
_bDept. of Tourism, Ministry of Transport, Government of India,
_c1964.
300 _a131 p. :
_bill., photos, 1 fold-out map ;
_c18 cm.
500 _a(Pbk.)
500 _aCover title: India : West Bengal and Orissa.
651 0 _aIndia
_xDescription and travel.
999 _c66647
_d66647